Ungku Abdul Aziz : berjasa dan berbakti kepada negara

Bibliographic Details
Format: Book
Published: Kuala Lumpur : Perpustakaan University Malaya , 1988
Subjects:

MARC

LEADER 00000cam a2200000 7i4500
001 0000003189
002 000003445
005 20000330.0
020 |a T000000299 
090 0 0 |a 012   |b UNG 
245 0 0 |a Ungku Abdul Aziz :   |b berjasa dan berbakti kepada negara 
260 |a Kuala Lumpur :   |b Perpustakaan University Malaya ,   |c 1988 
300 |a 48p. ;   |c 30cm. 
650 0 0 |a Ungku Abdul Aziz   |x Collected works 
999 |a 036787   |b BUKU   |c MALAYSIANA   |e PERPUSTAKAAN KOMUNITI PETALING JAYA